Introduction to Differential Equations and Dynamical Systems (Record no. 1038)

MARC details
005 - DATE AND TIME OF LATEST TRANSACTION
control field 20250320171820.0
020 ## - INTERNATIONAL STANDARD BOOK NUMBER
International Standard Book Number 0-07-070594-1
082 ## - DEWEY DECIMAL CLASSIFICATION NUMBER
Classification number 515.35 WIL
100 ## - MAIN ENTRY--PERSONAL NAME
Author name WILLIAMSON, R.E.
245 ## - TITLE STATEMENT
Title Introduction to Differential Equations and Dynamical Systems
250 ## - EDITION STATEMENT
Edition statement 3rd Ed.
260 ## - PUBLICATION, DISTRIBUTION, ETC.
Place of publication, distribution, etc. Boston,
Name of publisher, distributor, etc. McGraw-Hill, WCB
Date of publication, distribution, etc. 1997
300 ## - PHYSICAL DESCRIPTION
Extent xiii,690p., ill.,
Other physical details Index,
Dimensions 26cm.
942 ## - ADDED ENTRY ELEMENTS (KOHA)
Source of classification or shelving scheme Dewey Decimal Classification
Koha item type Books
Holdings
Date last seen Total checkouts Full call number Barcode Cost, replacement price Price effective from Koha item type Lost status Source of classification or shelving scheme Damaged status Not for loan Withdrawn status Home library Current library Shelving location Date acquired Cost, normal purchase price
03/20/2025   LM 515.35 WIL 0000003408 184650.00 03/20/2025 Books   Dewey Decimal Classification       College of Business Education Main Library College of Business Education Main Library General Collection 03/20/2025 61550.00
03/20/2025   LM 515.35 WIL 0000003409 184650.00 03/20/2025 Books   Dewey Decimal Classification       College of Business Education Main Library College of Business Education Main Library General Collection 03/20/2025 61550.00
03/20/2025   LM 515.35 WIL 0000003410 184650.00 03/20/2025 Books   Dewey Decimal Classification       College of Business Education Main Library College of Business Education Main Library General Collection 03/20/2025 61550.00
03/20/2025   LM 515.35 WIL 0000003411 184650.00 03/20/2025 Books   Dewey Decimal Classification       College of Business Education Main Library College of Business Education Main Library General Collection 03/20/2025 61550.00
03/20/2025   LM 515.35 WIL 0000003412 184650.00 03/20/2025 Books   Dewey Decimal Classification       College of Business Education Main Library College of Business Education Main Library General Collection 03/20/2025 61550.00
03/20/2025   LM 515.35 WIL 0000003413 184650.00 03/20/2025 Books   Dewey Decimal Classification       College of Business Education Main Library College of Business Education Main Library General Collection 03/20/2025 61550.00